000 02006nam0a2200457 4500
001 RU\NLR\bibl\945088
005 20260405103800.0
010 _a5-472-01575-8
_95000
021 _aRU
_b2006-12318
_9603
035 _a(nilc)RSL-KNO-002856105
035 _a(NLR Aleph) 000933232
090 _a173157
_c173157
100 _a20060331d2006 |||y0rusy50 ca
101 0 _arus
_aeng
102 _aRU
105 _ay |||||||||
106 _ar
200 1 _aАнгло-русский юридический словарь
_eправо и экономика
_e23000 словарных статей
_fА.Г. Пивовар, В.И. Осипов
205 _aИзд. 2-е, стер.
210 _aМосква
_cЭкзамен
_cАСТ
_d2006
_eУльяновск
_gУльяновский Дом печати
215 _a863 с.
_d22
225 1 _aEnglish
300 _aНа обл. авт. не указаны
320 _aБиблиогр.: с. 862-863
606 0 _aАнглийский язык
_xТерминология правовая
_xСловари
_xРусский язык
_9970867
_3RU\NLR\auth\6645291
606 0 _aПраво
_jТерминологические словари
_9894779
_3RU\NLR\auth\664055
606 0 _aЭкономика
_jТерминологические словари
_91414491
_3RU\NLR\auth\66284709
610 0 _aГосударство и право. Юридические науки -- Терминологический словарь
686 _aХ.я212
_2rubbk
686 _aШ143.21-434.1
686 _aШ141.12-434.2
686 _aХ.я212
686 _aУ.я212
700 1 _aПивовар
_bА. Г.
_gАркадий Герцевич
_4070
701 1 _4070
_7ca
_8rus
_aОсипов
_bВ. И.
_cюрист
_gВалерий Иванович
_922355
_3RU\NLR\auth\7739371
801 0 _aRU
_bРКП
_c20060331
_grcr
801 1 _aRU
_bРГБ
_c20060331
801 2 _aRU
_bNLR
_c20060506
_grcr
942 _cBOOK
980 _aNB